Personnages de Good Omens par images - Saison 1 - Statistiques

Statistiques générales
  • Ce quiz a été pris 74 fois
  • Le résultat moyen est 9 sur 16
Statistiques - réponses
Par images Réponse % Correct
Crowley | Rampa
100%
Aziraphale
98%
L'Archange Gabriel
84%
Dog | Toutou
82%
Beelzebub | Belzébuth
81%
Pollution
77%
Warlock Dowling
47%
Adam Young
42%
Hastur
42%
Agnes Nutter | Agnès Barge
39%
Pepper
37%
Newton Pulsifer
35%
Anathema Device | Anathème Bidule
33%
Madame Tracy
26%
M. Shadwell
23%
Wensleydale
19%
Aucun quiz correspondant
Distribution des résultats
% des personnes avec chaque résultat
Percentile par nombre de réponses
Votre historique - résultats
Vous n’avez pas pris ce quiz